00546nam a2200133 a 450000100100000000500170001000800410002704000250006808200150009311101580010824500600026626000570032630000290038300004303020201002040603.0110415s2003 dr ac 000 0 spa d aDO-SdBNPbspacBNPHU axxxbC748j1 aXII conferencia de primeras damas, esposas y representantes de jefes de estado y de gobierno de las Américasn(12a, 15-16 octubred2003cSanto Domingo)10aRepública Dominicana :bcomprometida con la juventud. aSanto Domingo :bDespacho de la Primera Dama,c2003. a96 p. :bretr. ;c28 cm.